[Event "Aut_2.Bundesliga_Ost_2004/05"]
[Site "?"]
[Date "2005.04.10"]
[Round "11.5"]
[White "Likavsky, Tomas"]
[Black "Gross, Stefan"]
[Result "1/2-1/2"]
[WhiteElo "2449"]
[BlackElo "2274"]
[PlyCount "95"]
[EventDate "2004.10.09"]

1. d4 Nf6 2. c4 c5 3. d5 g6 4. Nc3 Bg7 5. e4 d6 6. Bd3 e6 7. h3 exd5 8. exd5
O-O 9. Nge2 Nfd7 10. b3 Re8 11. Bd2 a6 12. a4 Qh4 13. g3 Qe7 14. Kf1 Ne5 15.
Be4 f5 16. Bg2 Nbd7 17. Qc2 Nf6 18. Re1 Bd7 19. f4 Nf7 20. Nd4 cxd4 21. Rxe7
Rxe7 22. Ne2 Ne4 23. Bf3 Rae8 24. Kg2 d3 25. Qxd3 Nc5 26. Qc2 Rxe2+ 27. Bxe2
Rxe2+ 28. Kf3 Re8 29. Bc3 Nh6 30. a5 Ne4 31. Bxg7 Kxg7 32. Qb2+ Kf7 33. Qd4 Ng8
34. Qb6 Ngf6 35. Qxb7 Nd2+ 36. Kf2 Nfe4+ 37. Kg2 Nc5 38. Qc7 Re2+ 39. Kg1 Ke7
40. h4 Nd3 41. Qb6 h5 42. b4 Ne1 43. Rh3 Nef3+ 44. Kh1 Nxc4 45. Qxa6 Rc2 46.
Qa7 Re2 47. Qa6 Rc2 48. Qa7 1/2-1/2

[Event "Aut_2.Bundesliga_Ost_2004/05"]
[Site "?"]
[Date "2005.04.10"]
[Round "11.5"]
[White "Neumeier, Klaus"]
[Black "Manik, Mikulas"]
[Result "0-1"]
[WhiteElo "2304"]
[BlackElo "2510"]
[PlyCount "88"]
[EventDate "2004.10.09"]

1. e4 c5 2. Nf3 g6 3. c3 d5 4. exd5 Qxd5 5. d4 Bg7 6. Be2 Nf6 7. O-O O-O 8. h3
cxd4 9. cxd4 Nc6 10. Nc3 Qa5 11. Be3 Rd8 12. Qb3 Qb4 13. Bc4 e6 14. a3 Qxb3 15.
Bxb3 b6 16. Rfd1 Bb7 17. Rac1 Ne7 18. Ne5 Nf5 19. g4 Nxe3 20. fxe3 Ne4 21. Nxe4
Bxe4 22. Kf2 Rac8 23. Nf3 h6 24. Bc4 Bb7 25. Be2 Bf6 26. Kg3 Kg7 27. h4 Be7 28.
h5 gxh5 29. gxh5 Bd6+ 30. Kf2 Kf6 31. Bd3 Rg8 32. e4 e5 33. Rxc8 Rxc8 34. dxe5+
Bxe5 35. Nxe5 Kxe5 36. Ke3 Rg8 37. Rf1 Rg3+ 38. Rf3 Rxf3+ 39. Kxf3 f5 40. Ke3
Bxe4 41. Bb5 f4+ 42. Kf2 Kf5 43. Be8 Kg5 44. Ke2 Bf5 0-1

[Event "Aut_2.Bundesliga_Ost_2004/05"]
[Site "?"]
[Date "2005.04.10"]
[Round "11.5"]
[White "Plank, Franz"]
[Black "Weissenbeck, Manuel"]
[Result "0-1"]
[WhiteElo "2305"]
[BlackElo "2254"]
[PlyCount "144"]
[EventDate "2004.10.09"]

1. e4 c5 2. Bc4 d6 3. Nf3 Nc6 4. c3 Nf6 5. Qe2 Bg4 6. h3 Bxf3 7. Qxf3 a6 8. Bb3
g6 9. O-O Bg7 10. Rd1 Rc8 11. Na3 O-O 12. d4 cxd4 13. cxd4 Nd7 14. Nc2 Na5 15.
Bd2 Nxb3 16. Qxb3 Qb6 17. Bc3 Qxb3 18. axb3 Nf6 19. f3 Nh5 20. Ne3 Nf4 21. Kf2
Rfe8 22. Ra5 h5 23. h4 Ne6 24. Nd5 Nd8 25. Ra4 e6 26. Ne3 Re7 27. Rc4 Rb8 28.
Ra4 f5 29. d5 f4 30. Nf1 e5 31. Bb4 Nf7 32. Raa1 Rc8 33. Rac1 Rec7 34. Rxc7
Rxc7 35. Bc3 Bf6 36. g3 fxg3+ 37. Kxg3 Kf8 38. Ne3 Ke7 39. Kh3 Rc8 40. Kg3 Kd7
41. Nc4 Bd8 42. Ra1 Rb8 43. Ne3 Bb6 44. Ng2 g5 45. hxg5 Nxg5 46. Bd2 Rg8 47.
Bxg5 Rxg5+ 48. Kh2 Bd4 49. Ra2 Kc7 50. Nh4 Rg1 51. Nf5 Rb1 52. Nxd4 exd4 53.
Ra4 Rxb2+ 54. Kg3 Rxb3 55. Rxd4 b5 56. Rd1 a5 57. Rc1+ Kd7 58. Rh1 a4 59. Rxh5
a3 60. Rh7+ Kc8 61. Ra7 Kb8 62. Ra5 b4 63. Kg4 Rb2 64. f4 a2 65. e5 dxe5 66.
fxe5 b3 67. e6 Re2 68. Kf5 b2 69. d6 b1=Q+ 70. Kf6 a1=Q+ 71. Rxa1 Qxa1+ 72. Ke7
Qg7+ 0-1

[Event "Aut_2.Bundesliga_Ost_2004/05"]
[Site "?"]
[Date "2005.04.10"]
[Round "11.5"]
[White "Hechl, Gerald"]
[Black "Achs, Reinhold"]
[Result "1-0"]
[WhiteElo "2252"]
[BlackElo "2166"]
[PlyCount "51"]
[EventDate "2004.10.09"]

1. d4 f5 2. Qd3 e6 3. e4 fxe4 4. Qxe4 Qf6 5. Nf3 Qf5 6. Qxf5 exf5 7. Bd3 d6 8.
O-O Nc6 9. Re1+ Nge7 10. c3 Kf7 11. d5 Nd8 12. c4 g6 13. Nc3 a6 14. Ng5+ Kg8
15. Be3 h6 16. Nf3 b6 17. Bd4 Rh7 18. Re2 Bd7 19. Rae1 Kf7 20. b4 Ng8 21. c5
dxc5 22. Ne5+ Ke8 23. bxc5 bxc5 24. Nxg6+ Be6 25. Nxf8 cxd4 26. Nxh7 1-0

[Event "Aut_2.Bundesliga_Ost_2004/05"]
[Site "?"]
[Date "2005.04.10"]
[Round "11.5"]
[White "Allacher, Erwin"]
[Black "Wanderer, Thomas"]
[Result "1-0"]
[WhiteElo "2147"]
[BlackElo "2206"]
[PlyCount "111"]
[EventDate "2004.10.09"]

1. d4 d5 2. Nf3 Bg4 3. Ne5 Bh5 4. c4 dxc4 5. Nc3 e6 6. g3 c6 7. Bg2 Nf6 8. O-O
Be7 9. Nxc4 O-O 10. a4 a5 11. f3 Na6 12. e4 c5 13. Be3 cxd4 14. Qxd4 Bc5 15.
Qxd8 Bxe3+ 16. Nxe3 Rfxd8 17. Rfd1 Nb4 18. g4 Bg6 19. Rxd8+ Rxd8 20. Nc4 Nc6
21. Rd1 Rxd1+ 22. Nxd1 Nd7 23. f4 f6 24. e5 Bc2 25. Nc3 Nc5 26. Bxc6 bxc6 27.
Nxa5 Nxa4 28. Nxa4 Bxa4 29. Kf2 fxe5 30. fxe5 g5 31. Ke3 Kf7 32. Kd4 Ke7 33.
Kc5 Kd7 34. b3 Bb5 35. Nc4 Kc7 36. Nd6 Be2 37. Ne8+ Kd8 38. Nf6 Ke7 39. Nxh7
Bxg4 40. Nxg5 Kd7 41. Ne4 Bf3 42. Nd2 Bd5 43. b4 Bg2 44. Nb3 Bd5 45. Nd4 Be4
46. h4 Bd5 47. h5 Be4 48. h6 Ke7 49. Nxc6+ Kf7 50. b5 Bd3 51. b6 Ba6 52. Nd8+
Kg6 53. Nxe6 Kxh6 54. Nd8 Kg6 55. Kd6 Kg7 56. b7 1-0

[Event "Aut_2.Bundesliga_Ost_2004/05"]
[Site "?"]
[Date "2005.04.10"]
[Round "11.5"]
[White "Pichler, Michael"]
[Black "Leber, Franz"]
[Result "1-0"]
[WhiteElo "2179"]
[BlackElo "2119"]
[PlyCount "91"]
[EventDate "2004.10.09"]

1. e4 c6 2. d4 d5 3. e5 Bf5 4. Nc3 e6 5. g4 Bg6 6. Nge2 Bb4 7. h4 Ne7 8. h5 Be4
9. Rh3 h6 10. a3 Bxc3+ 11. Nxc3 Bh7 12. Be3 a6 13. Bd3 Bxd3 14. Qxd3 Qc7 15. f4
Nd7 16. O-O-O c5 17. dxc5 Nxc5 18. Qe2 Nd7 19. Bf2 Rc8 20. f5 Qc4 21. Rdd3 Nc5
22. Bxc5 Rxc5 23. Qf2 Rc8 24. f6 gxf6 25. Qxf6 Rh7 26. Qf2 Rg7 27. Rd4 Qc7 28.
Qf6 Rh7 29. Rd2 Nc6 30. Re2 Qe7 31. Qf4 Nb8 32. Kb1 Rc4 33. Qe3 Rxg4 34. Rg3
Rxg3 35. Qxg3 Qg5 36. Qf2 Rg7 37. Ka2 Qg1 38. Qf6 Qg5 39. Qf2 Nc6 40. Qb6 Qe7
41. Na4 Rg5 42. Nc5 Nd8 43. c4 Kf8 44. cxd5 exd5 45. Qxh6+ Rg7 46. Rg2 1-0

[Event "Aut_2.Bundesliga_Ost_2004/05"]
[Site "?"]
[Date "2005.04.10"]
[Round "11.6"]
[White "Varga, Zoltan"]
[Black "Lipka, Juraj"]
[Result "1-0"]
[WhiteElo "2538"]
[BlackElo "2387"]
[PlyCount "55"]
[EventDate "2004.10.09"]

1. d4 d5 2. c4 dxc4 3. e3 e6 4. Bxc4 c5 5. Nf3 a6 6. O-O Nf6 7. dxc5 Qxd1 8.
Rxd1 Bxc5 9. Nbd2 Nbd7 10. Be2 Ke7 11. Nc4 Ne4 12. Nd4 Ndf6 13. f3 Nd6 14. Nb3
Nxc4 15. Nxc5 Nd6 16. e4 e5 17. b3 b6 18. Nd3 Ke6 19. Nxe5 Kxe5 20. Bb2+ Ke6
21. e5 Nd5 22. exd6 Bb7 23. Bxg7 Rhg8 24. Re1 Kxd6 25. Be5+ Kd7 26. Rad1 b5 27.
Bd3 Rad8 28. Bxh7 1-0

[Event "Aut_2.Bundesliga_Ost_2004/05"]
[Site "?"]
[Date "2005.04.10"]
[Round "11.6"]
[White "Alvir, Aco"]
[Black "Stranz, Richard"]
[Result "1/2-1/2"]
[WhiteElo "2381"]
[BlackElo "2272"]
[PlyCount "52"]
[EventDate "2004.10.09"]

1. e4 c5 2. Nf3 Nc6 3. d4 cxd4 4. Nxd4 Nf6 5. Nc3 e5 6. Ndb5 d6 7. Bg5 a6 8.
Bxf6 gxf6 9. Na3 f5 10. Qh5 b5 11. Nd5 fxe4 12. O-O-O Be6 13. f3 Rg8 14. Qxh7
Rg6 15. h4 exf3 16. gxf3 Rc8 17. h5 Rh6 18. Qe4 Nd4 19. Rxd4 exd4 20. f4 Rc5
21. Nb4 Bg7 22. Nxa6 Rcxh5 23. Rg1 Kf8 24. Nxb5 Bf5 25. Qb7 Rg6 26. Rxg6 fxg6
1/2-1/2

[Event "Aut_2.Bundesliga_Ost_2004/05"]
[Site "?"]
[Date "2005.04.10"]
[Round "11.6"]
[White "Ivancsics, Michael"]
[Black "Smolen, Jan"]
[Result "0-1"]
[WhiteElo "2283"]
[BlackElo "2334"]
[PlyCount "68"]
[EventDate "2004.10.09"]

1. d4 e6 2. c4 d5 3. Nc3 c6 4. e4 dxe4 5. Nxe4 Bb4+ 6. Bd2 Qxd4 7. Bxb4 Qxe4+
8. Ne2 Na6 9. Bf8 Qe5 10. Qd2 Bd7 11. O-O-O Kxf8 12. Qxd7 Nc5 13. Qd2 Nf6 14.
f4 Qc7 15. Nc3 Ke7 16. Qe3 b6 17. g3 Rhd8 18. Bg2 Rxd1+ 19. Rxd1 Rd8 20. Rxd8
Kxd8 21. Qf3 Kd7 22. b4 Nb7 23. b5 Na5 24. Qd1+ Ke7 25. bxc6 Nxc6 26. Nb5 Qd7
27. Qa4 a5 28. c5 Na7 29. Bf1 Qc6 30. Kb2 Nxb5 31. Qxb5 Qxc5 32. Qxc5+ bxc5 33.
Kb3 Ng4 34. Kc4 Ne3+ 0-1

[Event "Aut_2.Bundesliga_Ost_2004/05"]
[Site "?"]
[Date "2005.04.10"]
[Round "11.6"]
[White "Kuthan, Andreas"]
[Black "Krpelan, Wolfgang"]
[Result "0-1"]
[WhiteElo "2235"]
[BlackElo "2246"]
[PlyCount "68"]
[EventDate "2004.10.09"]

1. e4 e5 2. Nf3 Nc6 3. Bb5 Bc5 4. O-O Nf6 5. c3 Nxe4 6. Qe2 Bxf2+ 7. Kh1 d5 8.
c4 Be6 9. d3 Ng3+ 10. hxg3 Bxg3 11. Bg5 f6 12. Bh4 Bxh4 13. Nxh4 O-O 14. Bxc6
bxc6 15. Nd2 Qd7 16. Rf2 Rfb8 17. Nb3 Qd6 18. Raf1 a5 19. Nf5 Bxf5 20. Rxf5 a4
21. Nc1 Rb4 22. Qg4 Rf8 23. Ne2 g6 24. Ng3 Kh8 25. R5f2 f5 26. Qg5 dxc4 27. Ne4
Qd8 28. Qd2 Rb8 29. Qa5 Re8 30. dxc4 Qh4+ 31. Kg1 Qxe4 32. Qxc7 Rbd8 33. Qf7
Qh4 34. Rf3 Re7 0-1

[Event "Aut_2.Bundesliga_Ost_2004/05"]
[Site "?"]
[Date "2005.04.10"]
[Round "11.6"]
[White "Ranits, Franz"]
[Black "Travenec, Igor"]
[Result "1-0"]
[WhiteElo "2272"]
[BlackElo "2227"]
[PlyCount "79"]
[EventDate "2004.10.09"]

1. e4 d6 2. d4 Nf6 3. Nc3 g6 4. Be3 Bg7 5. f3 O-O 6. Qd2 c6 7. h4 e5 8. O-O-O
Qa5 9. h5 Nxh5 10. Bh6 exd4 11. Bxg7 Kxg7 12. Qxd4+ Qe5 13. Qd2 Qf4 14. Qxf4
Nxf4 15. Rxd6 Be6 16. g3 Nh5 17. Nge2 Bc4 18. g4 Nf6 19. g5 Nh5 20. Bh3 Kg8 21.
Bg4 Ng7 22. e5 Na6 23. Ne4 Ne8 24. Rd2 h5 25. gxh6 f5 26. exf6 Nxf6 27. N2c3
Nxe4 28. Nxe4 Rad8 29. Rxd8 Rxd8 30. Ng5 Bd5 31. Re1 Nc5 32. Re7 a5 33. Rg7+
Kh8 34. Rxg6 a4 35. a3 b6 36. Rg7 Rd6 37. Rh7+ Kg8 38. Bh5 Rf6 39. Rg7+ Kh8 40.
Bf7 1-0

[Event "Aut_2.Bundesliga_Ost_2004/05"]
[Site "?"]
[Date "2005.04.10"]
[Round "11.6"]
[White "Froschauer, Hans"]
[Black "Herbst, Daniel"]
[Result "0-1"]
[WhiteElo "2122"]
[BlackElo "2209"]
[PlyCount "94"]
[EventDate "2004.10.09"]

1. e4 c5 2. Nf3 d6 3. d4 cxd4 4. Nxd4 Nf6 5. Nc3 a6 6. Be3 e5 7. Nb3 Be7 8. Be2
Be6 9. O-O Nbd7 10. f3 b5 11. Bd3 Nb6 12. Qe1 O-O 13. Qf2 Rb8 14. a4 Nc4 15.
axb5 axb5 16. Bc1 Qd7 17. Rd1 Ra8 18. Rxa8 Rxa8 19. Bf1 Qc6 20. Kh1 Bd8 21. Qe2
Rc8 22. Qd3 Qd7 23. Ne2 Bb6 24. Ng3 Qc6 25. Nf5 Bxf5 26. exf5 d5 27. c3 Qa8 28.
Qc2 Qa4 29. Bg5 Qa8 30. Bxc4 bxc4 31. Nd2 Qc6 32. Re1 h6 33. Bh4 Nd7 34. Nf1 f6
35. h3 Nc5 36. Rd1 Nb3 37. Nd2 Nxd2 38. Rxd2 Be3 39. Rd1 d4 40. b4 d3 41. Qb2
Qa4 42. Ra1 Qc2 43. Qb1 Qxc3 44. Qa2 Bd4 45. Rf1 Qxb4 46. Qa6 Rf8 47. Be1 Bc3
0-1